00000000nam##2200000za#4500
0019.612612
003CaOODSP
00520200327125057
007ta
008150406|1995||||xxc|||||     f|0| 0 eng|d
022 |a0706-6457
040 |aCaOODSP|beng
043 |an-cn---
0861 |aFs97-6/2063E
1101 |aCanada. |bDepartment of Fisheries and Oceans.
24510|aSwimming performance of lake sturgeon, Acipenser fulvescens / |cby S. Peake et al.
260 |aOttawa - Ontario : |bFisheries and Oceans Canada |c1995.
300 |aiv, 26p. : |bgraphs, references, tables ; |c28 cm.
4901 |aCanadian technical report of fisheries and aquatic sciences|x0706-6457|v2063
500 |aPrepared at the Science Branch, Department of Fisheries and Oceans, P.O. Box 5667, St. John's Newfoundland A1C 5X1.
546 |aRésumés en français
563 |aSoftcover
590 |a95-42|b1995-10-20
7201 |aPeake, S.
7760#|tSwimming performance of lake sturgeon, Acipenser fulvescens / |w(CaOODSP)9.573851
830#0|aCanadian technical report of fisheries and aquatic sciences,|x0706-6457|v2063|w(CaOODSP)9.514691